000
00236nam a22001097a 4500
003
OSt
008
250106b |||||||| |||| 00| 0 eng d
041
_a
eng
245
_a
List of Text Books
260
_b
University of Calicut
942
_c
BK
999
_c
18949
_d
18949